MARC

LEADER 00000nab a2200000 a 4500
001 vtls000313687
003 SK-MaSNL
005 20260303191138.0
008 140701c1978 xo 0 slo
015 |a SNBRB19rr/mm-uuuuu 
035 |a CL0003779 
040 |a SNKBUCL  |b slo  |c SNKBUCL  |e AACR2 
041 0 |a slo 
044 |a xo  |c SK 
080 |a 82.09:882-3(087.5)(048)  |2 1981 
080 |a 882-3(087.5)(048)  |2 1981 
100 1 |a Žilková, Marta,  |d 1942-  |4 aut  |9 88073 
245 1 0 |a Ostrov Jastrabie srdce  |b Sergej Grebennikov - Nikolaj Dobronravov  |c Marta Žilková ; Sergej Grebennikov, Nikolaj Dobronravov 
600 1 7 |a Grebennikov, Sergej  |2 snkbucl  |9 279606 
600 1 7 |a Dobroncavov, Nikolaj  |2 snkbucl  |9 1220267 
650 0 7 |a dobrodružné romány  |2 snkbucl  |9 281749 
650 0 7 |a literatúra pre deti a mládež  |2 snkbucl  |9 21893 
650 0 7 |a sovietska literatúra  |2 snkbucl  |9 22300 
650 0 7 |a ruské deti  |2 snkbucl  |9 1220268 
650 0 7 |a detské kolektívy  |2 snkbucl  |9 1220269 
650 0 7 |a detské dobrodružstvá  |2 snkbucl  |9 1220270 
655 7 |a články z novín a časopisov  |2 snkbucl  |9 267496 
655 7 |a články z odboru literárna veda a krásna literatúra  |2 snkbucl  |9 770045 
700 1 |a Grebennikov, Sergej  |4 aut  |9 279606 
700 1 |a Dobronravov, Nikolaj  |4 aut  |9 279607 
773 0 |t Zlatý máj  |g Roč. 22, č. 1 (1978), s. 69-70 
787 0 8 |i Rec.:  |a Grebennikov, Sergej  |t Ostrov Jastrabie srdce  |d Bratislava : Mladé letá, 1977 
850 |a Slovenská národná knižnica v Martine  |a MTA001 
852 |a SNK  |b KIS3GCP 
958 |a RK 
958 |a LX 
958 |a SK 
992 |a RBX 
999 |c 2139594  |d 2141524